Kern oder Atom? zur Kernfrage des Atomdiskurses Verwendung der Lexeme „Atom“ und „Kern“ im öffentlichen Sprachgebrauch

Guardado en:
Detalles Bibliográficos
Autor principal: Téreková, Soňa, 1981-
Formato: Capítulo de libro
Lenguaje:alemán
Materias:
Etiquetas: Agregar Etiqueta
Sin Etiquetas, Sea el primero en etiquetar este registro!

MARC

LEADER 00000nla a2200000 4500
001 0196710
005 20240502073320.4
041 0 |a ger 
044 |a SK 
245 1 0 |a Kern oder Atom? zur Kernfrage des Atomdiskurses  |b Verwendung der Lexeme „Atom“ und „Kern“ im öffentlichen Sprachgebrauch  |c Soňa Tereková 
610 2 0 |a jazykoveda 
610 2 0 |a jazyky cudzie 
610 2 0 |a komunikácia 
610 2 0 |a nemčina 
100 1 |a Téreková, Soňa, 1981-